000 01110nam a2200217Ia 4500
003 Ost
005 20260416102400.0
008 260416s9999||||xx |||||||||||||| ||und||
040 _cfsecg
041 _aara
082 _a658
100 _aبن قمجة، زهرة
_eمؤلف
245 0 _aمدخل لإدارة الأعمال :
_bمطبوعة مقدمة لطلبة السنة الأولى جذع مشترك /
_c بن قمجة زهرة
260 _aالجزائر
_bجامعة الجزائر3: كلية العلوم الإقتصادية، العلوم التجارية وعلوم التسيير
_c2022
300 _a127 ورقة
_bايضاحات
_c12 سم
504 _aالمراجع ص124
520 _aمفاهيم أساسية حول علم الإدارة،تطور الفكر الإداري و نظرياته،التخطيط، التنظيم،التوجيه و القيادة.
653 _aادارة الاعمال
710 _aجامعة الجزائر3: كلية العلوم الإقتصادية، العلوم التجارية وعلوم التسيير
_eناشر علمي
942 _cHANDOUT
999 _c41377
_d41377